Tradiciones ocupacionales y discontinuidades laborales en familias costarricenses durante los siglos XIX y XX: interrogantes, hipótesis y reflexiones generales en torno a su historia comparada /
Sinopsis
Na minha lista:
| Autor principal: | |
|---|---|
| Formato: | Texto |
| Idioma: | Spanish |
| Assuntos: | |
| Tags: |
Adicionar Tag
Sem tags, seja o primeiro a adicionar uma tag!
|
MARC
| LEADER | 00000 a a2200000 04500 | ||
|---|---|---|---|
| 001 | 1097 | ||
| 003 | cru IIS | ||
| 005 | 20210805114004.0 | ||
| 008 | 210805b |||||||| |||| 00| 0 spa d | ||
| 040 | |c cru IIS | ||
| 100 | 1 | |a Samper Kutschbach, Mario | |
| 245 | 1 | |a Tradiciones ocupacionales y discontinuidades laborales en familias costarricenses durante los siglos XIX y XX: |b interrogantes, hipótesis y reflexiones generales en torno a su historia comparada / |c Mario Samper Kutschbach | |
| 500 | |a Colección Centroamérica | ||
| 520 | |a Sinopsis | ||
| 650 | 0 | |a PUBLICACIONES INSTITUTO DE INVESTIGACIONES SOCIALES-UCR |9 1857 | |
| 650 | 0 | |a OCUPACIONES |9 30 | |
| 651 | 0 | |9 32 |a COSTA RICA | |
| 773 | |g volumen 25, número 1; páginas 33-60 | ||
| 773 | 0 | |0 18765 |9 5841 |a Universidad de Costa Rica. |d San José, Costa Rica: Editorial Universidad de Costa Rica, 1974- |o 21401 |t Anuario de Estudios Centroamericanos / |x 03777316 | |
| 942 | |2 ddc |c PP | ||
| 999 | |c 37219 |d 37219 | ||
